[Event "21e tournoi de NoÃ«l"]
[Site "Montigny le Bretonneux"]
[Date "2021.12.30"]
[Round "7.7"]
[White "Marival, Fred"]
[Black "Weens, William"]
[Result "0-1"]
[WhiteElo "1425"]
[BlackElo "1697"]
[Annotator "Rivier,Sylvain"]
[PlyCount "146"]
[EventDate "2021.??.??"]

{DÃ©fense sicilienne, variante Najdorf} 1. e4 c5 2. Nf3 d6 3. d4 cxd4 4. Nxd4
Nf6 5. Nc3 a6 6. Be3 e5 7. Nf3 Be7 8. Bc4 Be6 9. Bd5 Bxd5 10. exd5 Nbd7 11. O-O
Rc8 12. h3 O-O 13. a4 Nb6 14. a5 Nc4 15. Na4 Nxe3 16. fxe3 Qxa5 17. Kh2 Nxd5
18. Qd3 Qb5 19. Qd2 Nf6 20. Qc1 Ne4 21. c3 Rc4 22. Qc2 Ng5 23. Nd2 Rh4 24. c4
Qd7 25. Qf5 Qc6 26. Nc3 Bd8 27. Nd5 b5 28. b3 bxc4 29. bxc4 Rxc4 30. Nxc4 Qxc4
31. Rfd1 Ne6 32. Rac1 Qe2 33. Re1 Qa2 34. Red1 Bh4 35. Rc2 Qb3 36. Rcd2 Bg5 37.
Rd3 Qc2 38. R1d2 Qc1 39. Rd1 Qc5 40. Rc3 Qa7 41. Qg4 a5 42. h4 f5 43. Qc4 Bd8
44. Nf4 exf4 45. Qxe6+ Qf7 46. Qxf7+ Kxf7 47. exf4 Ke6 48. Rc8 Kd7 49. Ra8 g6
50. Rb1 Kc6 51. Rc1+ Kd7 52. Ra7+ Ke6 53. Rc8 d5 54. Kg1 Bb6+ 55. Kh2 Rxc8 56.
Rxh7 a4 57. Rg7 Kf6 58. Rd7 Rc6 59. Rxd5 a3 60. Rd2 Be3 61. Ra2 Bxf4+ 62. Kh3
Ra6 63. g4 fxg4+ 64. Kxg4 Bc1 65. h5 g5 66. h6 Bb2 67. h7 Ra8 68. Kh5 Rh8 69.
Kh6 g4 70. Kh5 g3 71. Kh6 g2 72. Kh5 g1=R 73. Rxb2 Rxh7# 0-1

[Event "21e tournoi de Noël"]
[Site "Montigny le Bretonneux"]
[Date "2021.12.30"]
[Round "7.8"]
[White "Gheorghin, Felix"]
[Black "Flagiello, Francesco"]
[Result "1/2-1/2"]
[WhiteElo "1469"]
[BlackElo "1633"]
[Annotator "Rivier,Sylvain"]
[PlyCount "20"]
[EventDate "2021.??.??"]

{Partie viennoise} 1. e4 e5 2. Nf3 Nf6 3. Nc3 Bb4 4. Bc4 Nc6 5. d3 d6 6. h3 h6
7. O-O O-O 8. Bd2 Be6 9. Bb3 Re8 10. Re1 a5 1/2-1/2

[Event "21e tournoi de Noël"]
[Site "Montigny le Bretonneux"]
[Date "2021.12.30"]
[Round "7.9"]
[White "Barthere, Gilles"]
[Black "Artieres, Michel"]
[Result "0-1"]
[WhiteElo "1350"]
[BlackElo "1681"]
[Annotator "Rivier,Sylvain"]
[PlyCount "92"]
[EventDate "2021.??.??"]

{Défense française, variante Winaver} 1. e4 e6 2. d4 d5 3. Nc3 Bb4 4. e5 c5 5.
a3 Bxc3+ 6. bxc3 Ne7 7. Bg5 Qa5 8. Bd2 Qc7 9. Nf3 Nbc6 10. Be2 Nf5 11. Bb5 Bd7
12. Bxc6 Bxc6 13. O-O Bb5 14. Re1 O-O-O 15. Bg5 Rdf8 16. dxc5 h6 17. Bd2 Qxc5
18. a4 Bc4 19. a5 g5 20. Be3 Nxe3 21. Rxe3 f5 22. Qd4 Qxd4 23. cxd4 Kd7 24. Nd2
Rc8 25. Nxc4 Rxc4 26. c3 Rhc8 27. Rb1 Kc6 28. Rh3 Rh8 29. Ra1 h5 30. Rg3 g4 31.
h4 Rh7 32. Rd3 Kb5 33. Kf1 Rhc7 34. Ra3 Ra4 35. Rxa4 Kxa4 36. Ke2 f4 37. Kd2
Kxa5 38. Kc2 b5 39. Kb3 Kb6 40. Rd2 a5 41. Rc2 Rc4 42. Kb2 Ka6 43. Kb3 b4 44.
cxb4 Rxc2 45. Kxc2 axb4 46. Kb3 Kb5 0-1

[Event "21e tournoi de NoÃ«l"]
[Site "Montigny le Bretonneux"]
[Date "2021.12.30"]
[Round "7.10"]
[White "Vadillo Torre, Ismael"]
[Black "Dufraisse, Matteo"]
[Result "1-0"]
[WhiteElo "1578"]
[BlackElo "1280"]
[Annotator "Rivier,Sylvain"]
[PlyCount "123"]
[EventDate "2021.??.??"]

{Gambit dame, dÃ©fense slave} 1. d4 d5 2. Nf3 Nf6 3. e3 Bf5 4. c4 c6 5. Nc3
dxc4 6. Bxc4 e6 7. O-O Bb4 8. Bd3 Bg4 9. a3 Bxc3 10. bxc3 O-O 11. e4 Qa5 12.
Bd2 Nbd7 13. e5 Bxf3 14. Qxf3 Nd5 15. Rfd1 Qd8 16. Qg3 f5 17. exf6 Qxf6 18. Bg5
Qf7 19. Rac1 Nf4 20. Bxf4 Qxf4 21. Qxf4 Rxf4 22. Bc4 Kf7 23. Re1 Re8 24. g3 Rf5
25. Rb1 b6 26. Bd3 Ra5 27. Ra1 g6 28. f4 c5 29. a4 cxd4 30. Bb5 Re7 31. cxd4 a6
32. Bc4 Nf6 33. Re5 Rxe5 34. dxe5 Nd5 35. Bxa6 Ra7 36. Bb5 Nc3 37. Bc6 b5 38.
a5 Ne2+ 39. Kf2 Nd4 40. Be4 Nb3 41. Ra2 Rxa5 42. Rxa5 Nxa5 43. Ke2 Ke7 44. Kd3
Kd7 45. Kc3 Nc4 46. Bd3 Ne3 47. Bxb5+ Ke7 48. Kd4 Ng4 49. h3 Nf2 50. Bf1 h6 51.
Ke3 Nd1+ 52. Kd2 Nb2 53. Bb5 g5 54. Kc2 gxf4 55. gxf4 Kf7 56. Kxb2 Kg6 57. Bd3+
Kh5 58. f5 exf5 59. Bxf5 Kg5 60. Bd7 Kg6 61. Kc3 Kf7 62. Kd4 1-0

[Event "21e tournoi de Noël"]
[Site "Montigny le Bretonneux"]
[Date "2021.12.30"]
[Round "7.11"]
[White "Kunne, Ronald"]
[Black "Chaintreau, Maxime"]
[Result "0-1"]
[WhiteElo "1531"]
[BlackElo "1329"]
[Annotator "Rivier,Sylvain"]
[PlyCount "94"]
[EventDate "2021.??.??"]

{Partie italienne, guiocco piano} 1. e4 e5 2. Nf3 Nc6 3. Bc4 Nf6 4. d3 Bc5 5.
c3 d6 6. O-O O-O 7. Bb3 Bb6 8. Nbd2 Bg4 9. h3 Bh5 10. Re1 Re8 11. Nf1 h6 12.
Ng3 Bg6 13. Be3 Qd7 14. Nh4 Bh7 15. Ngf5 Ne7 16. Nxe7+ Rxe7 17. Bxb6 axb6 18.
Qf3 c6 19. Rad1 Qc7 20. Nf5 Bxf5 21. Qxf5 Rd8 22. Re3 Qd7 23. Qxd7 Rdxd7 24.
Rde1 Kf8 25. d4 c5 26. d5 b5 27. a4 bxa4 28. Bxa4 Rd8 29. c4 Ra8 30. Ra3 b6 31.
Bc2 Rea7 32. Rea1 Rxa3 33. bxa3 Ra5 34. a4 Ke7 35. Ra3 Nh5 36. g3 g6 37. Bd1
Nf6 38. Bc2 Nd7 39. Kg2 g5 40. h4 gxh4 41. gxh4 Nf6 42. Rg3 Kf8 43. Kh3 Nh5 44.
Rg1 Nf4+ 45. Kg4 Ke7 46. Kf5 Ne2 47. Rg8 Nd4+ 0-1

[Event "21e tournoi de Noël"]
[Site "Montigny le Bretonneux"]
[Date "2021.12.30"]
[Round "7.12"]
[White "Rosu, Andrei"]
[Black "Sanchez-Narboni, Quentin"]
[Result "0-1"]
[WhiteElo "1241"]
[BlackElo "1514"]
[Annotator "Rivier,Sylvain"]
[PlyCount "60"]
[EventDate "2021.??.??"]

{Défense française, variante d'échange} 1. e4 e6 2. d4 d5 3. exd5 exd5 4. Nf3
Bd6 5. Bd3 Ne7 6. Nc3 O-O 7. O-O Nbc6 8. Re1 Bg4 9. Bxh7+ Kh8 10. Bd3 Nxd4 11.
Be2 Nxe2+ 12. Qxe2 c6 13. h3 Bh5 14. Be3 Qc7 15. Rad1 Rae8 16. Bc1 f6 17. Qd3
Qc8 18. Re2 g5 19. g4 Bxg4 20. hxg4 Qxg4+ 21. Kf1 Rf7 22. Be3 Qxf3 23. Ke1 Nf5
24. Kd2 b6 25. a3 Re5 26. b4 d4 27. Bxd4 Nxd4 28. Qxd4 Rxe2+ 29. Nxe2 Rd7 30.
Rh1+ Kg7 0-1

[Event "21e tournoi de Noël"]
[Site "Montigny le Bretonneux"]
[Date "2021.12.30"]
[Round "7.13"]
[White "Sondermeijer, Antoine"]
[Black "Longbien, Dominique"]
[Result "1-0"]
[WhiteElo "1485"]
[BlackElo "1417"]
[Annotator "Rivier,Sylvain"]
[PlyCount "51"]
[EventDate "2021.??.??"]

{Partie italienne, guiocco piano} 1. e4 e5 2. Bc4 Bc5 3. Nf3 Nc6 4. c3 d6 5. d4
exd4 6. cxd4 Bb4+ 7. Nc3 Nf6 8. O-O O-O 9. Bg5 Bg4 10. Nd5 h6 11. Nxf6+ gxf6
12. Bxh6 Re8 13. Qb3 Kh7 14. Be3 Bxf3 15. gxf3 Rg8+ 16. Kh1 Ba5 17. Bxf7 Rg7
18. Rg1 Qe7 19. Rxg7+ Kxg7 20. Rg1+ Kh7 21. Bg8+ Kh8 22. Qd5 Ne5 23. dxe5 fxe5
24. Rg3 Bb6 25. Rh3+ Kg7 26. Rh7+ 1-0

[Event "21e tournoi de Noël"]
[Site "Montigny le Bretonneux"]
[Date "2021.12.30"]
[Round "7.14"]
[White "Couradin, Bruno"]
[Black "Flagiello, Domenico"]
[Result "1/2-1/2"]
[WhiteElo "1454"]
[BlackElo "1209"]
[Annotator "Rivier,Sylvain"]
[PlyCount "91"]
[EventDate "2021.??.??"]

{Défense Pirc} 1. e4 d6 2. d4 Nf6 3. Nc3 c6 4. Nf3 b5 5. a3 g6 6. Bd3 Bg7 7.
O-O O-O 8. h3 Re8 9. Be3 e5 10. Qd2 exd4 11. Nxd4 d5 12. exd5 Nxd5 13. Nxd5
Qxd5 14. c3 Bb7 15. Rad1 c5 16. Nf3 c4 17. Be2 Qxd2 18. Rxd2 Nc6 19. Rfd1 a6
20. Rd7 Na5 21. Re1 Be4 22. Ng5 f5 23. Bf3 Bxf3 24. Nxf3 Re6 25. Red1 Nc6 26.
Nd4 Nxd4 27. Bxd4 Bxd4 28. cxd4 Re2 29. Rb1 Rd2 30. Kf1 Re8 31. Re1 Rxe1+ 32.
Kxe1 Rxb2 33. d5 c3 34. Rc7 Rd2 35. Rxc3 Rxd5 36. Rc6 a5 37. Ra6 a4 38. Rb6 Kg7
39. Ke2 h5 40. g3 Kf7 41. Kf3 g5 42. Ke2 f4 43. gxf4 gxf4 44. Kf3 Rd3+ 45. Kxf4
Rxh3 46. Rxb5 1/2-1/2

[Event "21e tournoi de Noël"]
[Site "Montigny le Bretonneux"]
[Date "2021.12.30"]
[Round "7.15"]
[White "Plancade, Philajit"]
[Black "Aidan, David"]
[Result "1/2-1/2"]
[WhiteElo "1273"]
[BlackElo "1302"]
[Annotator "Rivier,Sylvain"]
[PlyCount "63"]
[EventDate "2021.??.??"]

{Défense Petroff} 1. e4 e5 2. Nf3 Nf6 3. Bc4 Nxe4 4. Nxe5 d5 5. Be2 Bc5 6. O-O
O-O 7. d4 Bd6 8. Nf3 c5 9. dxc5 Bxc5 10. Bf4 Nc6 11. Nbd2 Qf6 12. Bg3 Nxg3 13.
hxg3 Bb6 14. Rb1 Qd6 15. Kh1 Bf5 16. Nh4 Qh6 17. Kg1 Be6 18. Nb3 Rad8 19. Nf3
Qg6 20. Kh1 Rfe8 21. c3 Bf5 22. Ra1 Qd6 23. Nbd4 Nxd4 24. Nxd4 Bc8 25. Bf3 Qg6
26. Qd2 Bg4 27. Bxg4 Qxg4 28. Rae1 Re4 29. Nc2 Rd6 30. Rxe4 Qxe4 31. Re1 Qa4
32. Nd4 1/2-1/2

[Event "21e tournoi de NoÃ«l"]
[Site "Montigny le Bretonneux"]
[Date "2021.12.30"]
[Round "7.16"]
[White "Tanchoux, Pierre"]
[Black "Payot, Guillaume"]
[Result "1/2-1/2"]
[WhiteElo "1312"]
[BlackElo "1286"]
[Annotator "Rivier,Sylvain"]
[PlyCount "60"]
[EventDate "2021.??.??"]

{Partie du pion dame} 1. d4 Nf6 2. Nf3 e6 3. e3 d5 4. Bd3 c5 5. b3 cxd4 6. exd4
Bd6 7. Nbd2 Nbd7 8. Bb2 O-O 9. Ne5 Ne8 10. Nxd7 Bxd7 11. O-O Nf6 12. Nf3 Rc8
13. Ne5 Qb6 14. Nxd7 Nxd7 15. Re1 Qc7 16. h3 Rfe8 17. Rc1 Qb6 18. c4 dxc4 19.
Bxc4 Qa5 20. a4 Nb6 21. Bd3 Nd5 22. Qh5 h6 23. g3 Rc7 24. Bc4 Rec8 25. Bc3 Bb4
26. Bxb4 Qxb4 27. Qf3 a6 28. Rb1 Nb6 29. Rec1 Qd6 30. Qd3 Nxc4 1/2-1/2

[Event "21e tournoi de Noël"]
[Site "Montigny le Bretonneux"]
[Date "2021.12.30"]
[Round "7.17"]
[White "Ries, Antoine"]
[Black "Chaintreau, Cedric"]
[Result "1-0"]
[WhiteElo "1267"]
[BlackElo "1092"]
[Annotator "Rivier,Sylvain"]
[PlyCount "94"]
[EventDate "2021.??.??"]

{Partie du pion dame} 1. d4 d5 2. Nf3 Nf6 3. Bf4 Nc6 4. c3 Bg4 5. Nbd2 e6 6.
Qa4 Bd6 7. Bxd6 Qxd6 8. Ne5 O-O 9. Nxc6 Qxc6 10. Qxc6 bxc6 11. f3 Bh5 12. g4
Bg6 13. h4 h5 14. O-O-O Nd7 15. gxh5 Bxh5 16. Bh3 f5 17. Rdg1 c5 18. Rg5 g6 19.
Rhg1 Kf7 20. e4 dxe4 21. fxe4 cxd4 22. cxd4 Ke7 23. exf5 exf5 24. R5g3 Rf6 25.
Rc3 Kd8 26. Bg2 c6 27. Bxc6 Rc8 28. Bxd7 Rxc3+ 29. bxc3 Kxd7 30. d5 Rf7 31. Re1
Rf6 32. Kc2 Bg4 33. Kd3 Bh3 34. c4 Kd6 35. Kd4 Bg4 36. c5+ Kd7 37. c6+ Kd6 38.
Nc4+ Kc7 39. Kc5 f4 40. d6+ Kd8 41. c7+ Kc8 42. Kc6 Bd7+ 43. Kc5 Rf5+ 44. Re5
Rxe5+ 45. Nxe5 Be8 46. Kd4 Bd7 47. Nxd7 Kxd7 1-0

[Event "21e tournoi de Noël"]
[Site "Montigny le Bretonneux"]
[Date "2021.12.30"]
[Round "7.18"]
[White "Bauchaire, Isaac"]
[Black "Rosu, Matei"]
[Result "1-0"]
[WhiteElo "1109"]
[BlackElo "1191"]
[Annotator "Rivier,Sylvain"]
[PlyCount "77"]
[EventDate "2021.??.??"]

{Partie espagnole, défense Morphy} 1. e4 e5 2. Nf3 Nc6 3. Bb5 a6 4. Ba4 b5 5.
Bb3 Bc5 6. O-O Nf6 7. Re1 O-O 8. c3 d6 9. d4 Bb6 10. Bg5 h6 11. Bh4 Nb8 12.
dxe5 dxe5 13. Nxe5 Qxd1 14. Rxd1 Nxe4 15. Be7 Nxf2 16. Bxf7+ Rxf7 17. Rd8+ Kh7
18. Nxf7 Nh3+ 19. Kf1 Be6 20. Rh8+ Kg6 21. Ne5+ Kf5 22. Nc6 Bc4+ 23. Ke1 Nxc6
24. Rxa8 Nxe7 25. gxh3 Kf4 26. Nd2 Bd3 27. Rf8+ Nf5 28. Rd1 Ke3 29. Nf1+ Ke4
30. Rxd3 Kxd3 31. Rxf5 Kc2 32. Rf7 Kxb2 33. Rxg7 Kxa2 34. Kd2 a5 35. Ne3 a4 36.
Nd5 a3 37. Kc2 b4 38. Nxb4+ Ka1 39. Re7 1-0

[Event "21e tournoi de NoÃ«l"]
[Site "Montigny le Bretonneux"]
[Date "2021.12.30"]
[Round "7.19"]
[White "Gros, Arthur"]
[Black "Bauchaire, Gerard"]
[Result "1-0"]
[WhiteElo "1199"]
[BlackElo "1248"]
[Annotator "Rivier,Sylvain"]
[PlyCount "56"]
[EventDate "2021.??.??"]

{Ouverture anglaise} 1. c4 e5 2. Nc3 Nf6 3. Nf3 e4 4. Ng5 d5 5. cxd5 c6 6. dxc6
Nxc6 7. Ncxe4 Nxe4 8. Nxe4 Qh4 9. d3 Bb4+ 10. Bd2 O-O 11. Bxb4 Nxb4 12. g3 Qd8
13. Bg2 Bg4 14. Qa4 Qd4 15. Qb3 Rac8 16. Nc3 Nxd3+ 17. exd3 Rfe8+ 18. Kf1 Qxd3+
19. Kg1 Re7 20. Rc1 Rce8 21. Be4 Qd2 22. Kg2 Be6 23. Qd1 Qh6 24. h4 f5 25. Bd5
f4 26. Bxe6+ Rxe6 27. Re1 Qg6 28. Rxe6 Qxg3+ 1-0